000 00660nam a2200205Ia 4500
003 GCL
008 140319s9999 xx 000 0 ara d
020 _a660903977
040 _aGCL /
_cGCL
082 0 4 _a636.2
_bع أ
100 1 _aعادل سيد احمد البربرى
245 1 0 _aابقار الحليب فى الوطن العربى /
_cعادل سيد احمد البربرى
260 _aالقاهرة :
_bمنشاة المعارف ،
_c2000
300 _a439 ص ؛
_c24 سم
650 0 4 _aالانتاج الحيوانى
650 0 4 _aالبقر
650 0 4 _aالبقر - تربية
650 0 4 _aابقار الحليب
942 _2ddc
_cBK
999 _c5465
_d5465